مكتبة جامعة عجلون الوطنية

فهرس بحث المكتبة

Normal view MARC view
  • فريق عمل مشروع واقع اللغة العربية في الجامعات الأردنية

Entry Personal Name

Number of records used in: 1

001 - CONTROL NUMBER

  • control field: 65145

003 - CONTROL NUMBER IDENTIFIER

  • control field: JO-AjAnu

005 - DATE AND TIME OF LATEST TRANSACTION

  • control field: 20240325131538.0

008 - FIXED-LENGTH DATA ELEMENTS

  • fixed length control field: 240325|| aca||aabn | a|a d

040 ## - CATALOGING SOURCE

  • Original cataloging agency: JO-AjAnu

100 ## - HEADING--PERSONAL NAME

  • Personal name: فريق عمل مشروع واقع اللغة العربية في الجامعات الأردنية
  • Relator term: مؤلف